Basics of physical chemistry (Record no. 1210)

MARC details
000 -LEADER
fixed length control field 00513 a2200193 4500
001 - CONTROL NUMBER
control field 067276
003 - CONTROL NUMBER IDENTIFIER
control field OSt
005 - DATE AND TIME OF LATEST TRANSACTION
control field 20211108141832.0
008 - FIXED-LENGTH DATA ELEMENTS--GENERAL INFORMATION
fixed length control field
020 ## - INTERNATIONAL STANDARD BOOK NUMBER
International Standard Book Number 9788126135486
082 ## - DEWEY DECIMAL CLASSIFICATION NUMBER
Classification number 541
Item number B29B
245 1# - TITLE STATEMENT
Title Basics of physical chemistry
Statement of responsibility, etc edited by Prabir Pujhari
260 ## - PUBLICATION, DISTRIBUTION, ETC. (IMPRINT)
Place of publication, distribution, etc New Delhi
Name of publisher, distributor, etc Anmol Publications
Date of publication, distribution, etc 2008
300 ## - PHYSICAL DESCRIPTION
Extent 297p.
630 ## - SUBJECT ADDED ENTRY--UNIFORM TITLE
Uniform title Chemistry
690 ## - LOCAL SUBJECT ADDED ENTRY--TOPICAL TERM (OCLC, RLIN)
Topical term or geographic name as entry element Chemistry, Physical and theoretical
700 ## - ADDED ENTRY--PERSONAL NAME
Personal name Pujhari, Prabir
Relator term Editor
942 ## - ADDED ENTRY ELEMENTS (KOHA)
Source of classification or shelving scheme Dewey Decimal Classification
Koha item type Books
Holdings
Withdrawn status Lost status Source of classification or shelving scheme Damaged status Not for loan Collection code Home library Current library Date acquired Source of acquisition Cost, normal purchase price Full call number Barcode Date last seen Price effective from Koha item type
    Dewey Decimal Classification     General Text Book Central University Of Rajasthan Central University Of Rajasthan 07/03/2012 CHM 900.00 541 B29B 1562 21/11/2024 02/09/2020 Books